000 00849nam a2200265 a 4500
001 000001997
005 20240412074159.0
008 090630s2008 dr c 001 j spa d
020 _a9789945864403
040 _aDO-SdBNP
_bspa
_cBNPHU
082 _aRD863.44
_bC957cu
100 1 _aCruz Paulino, Agustín
_96467
245 1 0 _aCuentos de un soñador /
_cAgustín Cruz Paulino.
260 _aBonao :
_bLa Campana,
_c2008.
300 _a110 p. :
_bretrs. ;
_c22 cm.
490 1 _aTío Tín
500 _aIncluye índice
500 _aIncluye datos biográficos del autor
590 _aLa biblioteca posee tres ejemplares autografiados por autor.
590 _aInventariado, 2019/BT
650 0 _aCuentos dominicanos
_9176
650 0 _aLiteratura dominicana.
_967
830 0 _aTío Tín
_96468
910 _aValidado. Control de calidad MMOLINA
999 _c1863
_d1863